• 首页
  • 本馆介绍
  • 公告通知
  • 最新文献
  • 馆藏检索
  • 电子资源
  • 读者导购
  • 参考咨询
  • 我的图书馆
  • 登录
  • 详细信息显示
  • 放入我的书架
  • 预约/预借图书
  • 作者相关作品
  • 分类相关作品
  • 丛书相关作品
  • 出版社相关作品

书目信息

  • 表格格式
  • 工作单格式
  • 卡片格式
题名:
沉思录·智慧书
    
 
作者: ;记忆经典丛书编委会 编著
分册: 三  
出版信息: 北京   中国青年出版社  2018
页数: 222-331页
开本: 23cm
丛书名: 记忆经典丛书
单 册:
中图分类: B502.43 , B821-49
科图分类:
主题词: 斯多葛派--哲学理论 , 人生哲学--通俗读物
电子资源:
ISBN: 978-7-5153-5144-5
000 01039nam0 2200265 45
001 012001006390
005 20191023142227.85
010    @a978-7-5153-5144-5@dCNY48.00
100    @a20190308d2018 em y0chiy50 ea
101 0  @achi@aeng
102    @aCN@b110000
105    @aa z 000yy
106    @ar
200 1  @a沉思录·智慧书@9chen si lu · zhi hui shu@b专著@h三@f记忆经典丛书编委会编著@AChen Si Lu· Zhi Hui Shu@PCSLZHS@FJi Yi Jing Dian Cong Shu Bian Wei Bian Zhu
210    @a北京@c中国青年出版社@d2018
215    @a222-331页@c图@d23cm
225 1  @a记忆经典丛书
330    @a本书是《沉思录》和《智慧书》的合辑。《沉思录》阐述了灵魂与死亡的关系,解析了个人的德行、个人的解脱以及个人对社会的责任。《智慧书》以冷峻、客观的态度,深刻地描述了人生的处世经验。
606 0  @a斯多葛派@x哲学理论
606 0  @a人生哲学@j通俗读物
690    @aB502.43@v5
690    @aB821-49@v5
711 02 @a记忆经典丛书编委会@9ji yi jing dian cong shu bian wei hui@4编著
801  2 @aCN@b上海新华@c20191020
905    @b1099503-4@dB502.43@e133:3@f2
    
    沉思录·智慧书.三/记忆经典丛书编委会编著.-北京:中国青年出版社,2018
    222-331页:图;23cm.-(记忆经典丛书)
    
    
    ISBN 978-7-5153-5144-5:CNY48.00
    本书是《沉思录》和《智慧书》的合辑。《沉思录》阐述了灵魂与死亡的关系,解析了个人的德行、个人的解脱以及个人对社会的责任。《智慧书》以冷峻、客观的态度,深刻地描述了人生的处世经验。
●
相关链接 在E读中查询图书 在五车中查询图书 在当当中查询图书 在豆瓣中查询图书


正题名:沉思录·智慧书     索取号:B502.43/133:3         预约/预借

序号 登录号 条形码 馆藏地/架位号 状态 备注
1 1099503   210995039   第一样本阅览室/ [索取号:B502.43/133:3] 在馆    
2 1099504   210995048   第一借阅区/ [索取号:B502.43/133:3] 在馆    
唐山师范学院图书馆 欢迎您!
大连网信软件有限公司© 版权所有